000 00672nam a22001815i 4500
001 172230
003 ES-MaACL
005 20230906214838.0
008 090619s1882 fr |||| | fre d
100 1 _aBarrois, Charles.
_926037
245 1 0 _aRecherches sur les terrains anciens des Asturies et de la Galice /
_cpar Charles Barrois.
260 _aLille :
_bImprimerie et Librairie Six-Horemans,
_c1882.
300 _a1 v. (20 h. de lám.) :
_bil. ;
_c29 cm.
500 _aSolo el vol. de láminas.
650 1 4 _aGeología-
_zEspaña.
_9138819
650 4 _aPaleontología-
_zEspaña.
_9140777
852 _aES-MaACL
_jC-1805
_z.- Legado de Federico de Botella y de Hornos
999 _c172230
_d172230